100 best football players of all time - Statistics

General Stats
  • This quiz has been taken 1,366 times
  • The average score is 46 of 100
Answer Stats
Nation Player % Correct
Argentina Messi
99%
Brazil | Portugal Ronaldo
99%
Argentina Maradona
96%
Brazil Pele
95%
Netherlands Cruyff
85%
Hungary Puskas
79%
Spain Xavi
77%
Germany Muller
76%
Spain Iniesta
75%
Brazil Ronaldinho
74%
Italy Maldini
73%
Brazil Neymar
70%
Germany Beckenbauer
69%
France Henry
68%
Spain | Uruguay Suarez
68%
Northern Ireland Best
66%
Portugal Eusebio
65%
Croatia Modric
65%
Netherlands Van basten
65%
Ivory coast Drogba
61%
Brazil Roberto Carlos
61%
Italy Buffon
60%
Argentina Di Stefano
60%
Netherlands Gullit
60%
Wales Bale
58%
Poland Lewandowski
58%
Spain Ramos
58%
Egypt Salah
58%
France Platini
57%
Germany Lahm
56%
Spain Casillas
55%
Cameroon Eto'o
55%
Ukraine/Soviet Union Yashin
55%
England Rooney
53%
Portugal Figo
52%
Brazil Rivaldo
52%
Ukraine Schevchenko
52%
Brazil Cafu
49%
Brazil Kaka
49%
Liberia Weah
49%
England Gerrard
48%
England Beckham
46%
England Lampard
46%
Italy Pirlo
46%
Spain Puyol
46%
Italy Baggio
45%
Netherlands Robben
45%
Wales Giggs
43%
Romania Hagi
43%
Germany Matthaus
43%
Italy Nesta
42%
Brazil Romario
42%
Italy Del Piero
41%
Italy Baresi
39%
Denmark Laudrup
39%
Brazil Zico
39%
England Charlton
38%
Bulgaria Stoichkov
38%
Czech republic Cech
37%
Spain Raul
37%
Denmark Schmeichel
37%
Serbia Vidic
37%
England Moore
36%
Mexico Sanchez
36%
Brazil Socrates
36%
Spain Busquets
35%
Germany Klose
35%
England Scholes
35%
England Ferdinand
34%
Scotland Dalglish
32%
France Ribery
32%
Netherlands Van der sar
32%
Netherlands Rijkaard
30%
England Shearer
30%
Italy Totti
30%
Netherlands Bergkamp
29%
Netherlands Van nistelrooy
28%
Argentina Zanetti
27%
Sweden Zlatan
27%
Brazil Dani Alves
26%
Netherlands Koeman
26%
Brazil Marcelo
26%
Brazil Jairzinho
25%
France Cantona
24%
Germany Schweinsteiger
23%
England Lineker
22%
France Desailly
21%
Spain Hierro
20%
England Terry
20%
Spain Butragueno
19%
France Makelele
18%
Brazil Carlos Alberto
17%
France Viera
13%
Spain Guardiola
11%
Austria Bican
10%
Brazil Rivelino
10%
Germany Khan
6%
Italy Cannovaro
3%
No matching quizzes found
Score Distribution
Percent of People with Each Score
Percentile by Number Answered
Your Score History
You have not taken this quiz